000 00273nam a22001217a 4500
999 _c152816
_d152816
082 _a
_b
100 _aDalia Ray
245 _aIndian historical researches (v.55)/
_cby Dalia Ray.
260 _aNew Delhi:
_bCosmo,
_c1990.
300 _a166p.
650 _a
942 _cBK